| 000 | 00827cam a2200253 4500 | ||
|---|---|---|---|
| 008 | 090401t1997 xxu||||| |||| 00| 0 eng d | ||
| 020 | _a0419196307 | ||
| 035 | _a(Sirsi) u81130 | ||
| 041 | _aeng | ||
| 050 | _a693.54 | ||
| 100 | _aBroomfield, John P. | ||
| 245 | _aCorrosion of steel in concrete: understanding, investigation and repair. | ||
| 260 |
_aLondon _bE & F N Spon _c1997 |
||
| 300 | _axxi,240p. ; 24cm. | ||
| 350 | _a48.5 | ||
| 520 | _aProvides information on the corrosion of steel in atmospherically exposed concrete, ways of evaluating the extent of the damage and a review of repair techniques. | ||
| 650 | _aCONCRETE REPAIR | ||
| 650 | _aCONCRETE STRUCTURES | ||
| 650 | _aCORROSION | ||
| 650 | _aREINFORCED CONCRETE | ||
| 650 | _aREINFORCING STEEL | ||
| 690 | _aBUILT ENVIRONMENT | ||
| 942 | _n0 | ||
| 999 |
_c96674 _d96674 |
||